000 00367nam a2200109Ia 4500
008 221009s9999 xx 000 0 und d
082 _a800/MAC
100 _aमाचवे प्रभाकर
_937730
245 0 _aहिन्‍दी काव्‍य की प्रवृत्तियॉ
260 _bराजकमल प्रकाशन
942 _cBK
999 _c64592
_d64592